Statistics for Places on a Risk Board - Map Quiz

Click here to take the quiz!

General Stats

  • This quiz has been taken 2,064 times
    (1,228 since last reset)
  • The average score is 34 of 42

Answers on the Map

Answers color-coded by a green-red scale on the quiz's map according to % correct below.
 

Answer Stats

Answer% Correct
Alaska
94%
Greenland
92%
Brazil
90%
Argentina
89%
Central America
88%
Eastern United States
88%
Great Britain
88%
Iceland
88%
Japan
86%
China
85%
India
85%
Middle East
85%
Peru
85%
Western United States
85%
East Africa
84%
Eastern Australia
84%
Madagascar
84%
South Africa
84%
Southern Europe
84%
Venezuela
84%
Congo
83%
Indonesia
83%
Western Australia
82%
Western Europe
82%
Quebec
81%
Egypt
80%
Mongolia
80%
New Guinea
80%
Northern Europe
80%
North Africa
79%
Northwest Territory
79%
Scandinavia
78%
Siam
78%
Afghanistan
77%
Ontario
77%
Alberta
74%
Ural
71%
Siberia
69%
Ukraine
69%
Kamchatka
68%
Irkutsk
59%
Yakutsk
50%

Score Distribution

Percentile by Number Answered

Percent of People with Each Score

Your Score History

You have not taken this quiz since the last reset